Concept / auteurs géopo - Statistiques

Statistiques générales
  • Ce quiz a été pris 12 fois
  • Le résultat moyen est 6 sur 17
Statistiques - réponses
Hint Réponse % Correct
Date de la première définition collective du termes géopolitique."La géopolitique est la science de l'État comme organisme géographique ou comme entité dans l'espace : c'est-à-dire l'État comme pays, territoire, domaine ou, plus caractéristique, comme règne. Comme science politique, elle observe fermement l'unité étatique et veut contribuer à la compréhension de la nature de l'État."
1905
67%
Quel terme est utilisé par Fernand Braudel en 1949 pour remplacer le terme de géopolitique, associé au nazisme. Géohistoire
67%
Théorise le Heartland et le Rimland Halford J. Mackinder
67%
Quel régime va utiliser ces travaux dans le but de justifier son concept de Lebensraum. Nazi
67%
Qui popularise la géopolitique en France. Yves Lacoste
67%
Il théorise la supériorité de la puissance navale. Pour lui contrôle des mers = grande puissance en devenir. Alfred T. Mahan
33%
Selon Samuel Huntington, qui seront les belligérants qui remplaceront les états dans les conflits du XXIe siècle. blocs civilisationnels
33%
Utilisation des travaux de Charles Darwin dans le but de justifier la supériorité de certaine nation Darwinisme social
33%
Idée développé par Edward Luttwak. La compétition mondiale n'est plus seulement militaire mais technico-économique : la richesse vient de la capacité à innover dans des espaces d'échanges ouverts. Géoéconomie
33%
Idée que la politique internationale peut être guidée par des valeurs universelles Idéalisme
33%
S'oppose a la réponse précédente, idée que se sont les états les acteurs principaux et qu'ils agissent selon leurs intérêts. Réalisme
33%
Fin du XIXe siècle, propose le terme Geopolitik. Rudolf Kjellen
33%
Désert, fleuve, forêt, lac, isthme, montagne, marais... la géographie physique conditionne les rapports de pouvoir. Topologie
33%
Il est le premier a théoriser le lien "sacré" entre le peuple et le sol. Pour lui, se sont les états forts qui ont la possibilité de maîtriser les espaces les plus vastes. Friedrich Ratzel
0%
Qui va écrire ses mémoires, qui vont réhabiliter le terme de géopolitique en 1979 Henry Kissinger
0%
L'isolement géographique d'un territoire influence fortement sa politique. Insularité
0%
Différent d'un simple espace géographique — le territoire implique un lien entre un peuple et une terre Territoire
0%
Aucun quiz correspondant
Distribution des résultats
% des personnes avec chaque résultat
Percentile par nombre de réponses
Votre historique - résultats
Vous n’avez pas pris ce quiz